José Mejía Lequerica : (Registro nro. 10597)
[ vista simple ]
| 000 -CABECERA | |
|---|---|
| Longitud fija campo de control | 01111nam a2200313Ia 4500 |
| 001 - NÚMERO DE CONTROL | |
| Número de control | 418838 |
| 003 - IDENTIFICADOR DEL NÚMERO DE CONTROL | |
| Identificador del número de control | EC-QuCCB |
| 005 - FECHA Y HORA DE LA ÚLTIMA TRANSACCIÓN | |
| Fecha y hora de la última transacción | 20231212141034.0 |
| 007 - CAMPO FIJO DE DESCRIPCIÓN FÍSICA--INFORMACIÓN GENERAL | |
| Campo fijo de descripción física | ta |
| 008 - DATOS DE LONGITUD FIJA--INFORMACIÓN GENERAL | |
| Códigos de información de longitud fija | 130917b ec a gr 000 0bspa d |
| 040 ## - FUENTE DE LA CATALOGACIÓN | |
| Centro catalogador de origen | EC-QuCCB |
| 041 0# - CÓDIGO DE LENGUA | |
| Código de lengua del texto;banda sonora o título independiente | spa |
| 043 ## - CÓDIGO DE ÁREA GEOGRÁFICA | |
| Código de área geográfica | s-ec |
| 082 ## - NÚMERO DE LA CLASIFICACIÓN DECIMAL DEWEY | |
| Número de clasificación | 923.2 |
| Número de documento | M516 |
| 084 ## - OTRO NÚMERO DE CLASIFICACIÓN | |
| Número de clasificación | FER2La000385 |
| 100 1# - ENTRADA PRINCIPAL--NOMBRE DE PERSONA | |
| 9 (RLIN) | 19431 |
| Nombre de persona | Costales, Marcela, |
| 245 10 - MENCIÓN DE TÍTULO | |
| Título | José Mejía Lequerica : |
| Parte restante del título | el tribuno del pueblo |
| Mención de responsabilidad, etc. | Marcela Costales P. |
| 260 ## - PUBLICACIÓN, DISTRIBUCIÓN, ETC. (PIE DE IMPRENTA) | |
| Lugar de publicación, distribución, etc. | [Quito], Ecuador : |
| Nombre del editor, distribuidor, etc. | Secretaría de Pueblos, |
| Fecha de publicación, distribución, etc. | [Fecha de publicación no identificada] |
| 300 ## - DESCRIPCIÓN FÍSICA | |
| Extensión | 58 páginas : |
| Otros detalles físicos | ilustraciones ; |
| Dimensiones | 15 cm |
| 336 ## - TIPO DE CONTENIDO | |
| Content type term | texto |
| Content type code | txt |
| 337 ## - TIPO DE MEDIO | |
| Media type term | no mediado |
| Media type code | n |
| 338 ## - TIPO DE PORTADOR | |
| Carrier type term | volumen |
| Carrier type code | nc |
| 490 1# - MENCIÓN DE SERIE | |
| Mención de serie | Generala Manuela Sáenz. Biografías hombres y mujeres forjadores de la patria ; |
| Número de volumen/designación secuencial | número 5 |
| 505 1# - NOTA DE CONTENIDO CON FORMATO | |
| Nota de contenido con formato preestablecido | La Quito solar y rebelde de Mejía Lequerica -- La unión de Mejía con los Santa Cruz y Espejo -- España y las Cortes de Cádiz -- Los últimos días. |
| 590 ## - NOTA LOCAL (RLIN) | |
| Nota local | jcc |
| 600 14 - PUNTO DE ACCESO ADICIONAL DE MATERIA--NOMBRE DE PERSONA | |
| 9 (RLIN) | 5033 |
| Nombre de persona | Mejía Lequerica, José, |
| Fechas asociadas al nombre | 1775-1813 |
| 651 ## - PUNTO DE ACCESO ADICIONAL DE MATERIA--NOMBRE GEOGRÁFICO | |
| 9 (RLIN) | 16868 |
| Nombre geográfico | Ecuador |
| Subdivisión de materia general | Historia |
| 942 ## - ELEMENTOS DE PUNTO DE ACCESO ADICIONAL (KOHA) | |
| Fuente de clasificaión o esquema | Número de Clasificación Local |
| Koha [por defecto] tipo de item | Monografía |
| Suprimido | Perdido | Fuente de clasificación o esquema | Estropeado | No se presta | Koha Colección | Localización (Biblioteca) | Localización actual | Localización en estanterías | Fecha adquisición | Clasificación completa | Designación de pieza (código de barras) | Fecha última consulta | Número de ejemplar | Tipo de item de Koha |
|---|---|---|---|---|---|---|---|---|---|---|---|---|---|---|
| Disponible | Número de Clasificación Local | Sin daños | Disponible para préstamo | CIENCIAS SOCIALES | Biblioteca y Archivo de la CCE | Biblioteca y Archivo de la CCE | CIENCIAS SOCIALES | 12/12/2023 | FER2La000385 | E0000621 | 17/09/2013 | Ej. 1 | Monografía |























